00833cam a2200253u 450000100060000000300080000600500170001400800390003103500190007004000310008904100080012008200220012810000500015024500590020026000290025930000440028865000220033265000240035465000200037865000230039894200120042199900170043395201290045014293BD-RjUL20211208235613.0140205s1966 enka 000 0 eng a(BD-RjUL)14345 aDLCcBD-RjULdBD-RjULbeng aeng 221a645bMUS 19661 aMunro, Anne Blythe. [from old catalog]94463210aSoft furnishings made easy:ba guide and pattern book. aLondon,bMethuen,c1966. a116 p.billus., tables, diagrs.c23 cm. 0aDraperies.944633 0aSlip covers.944634 0aBedding.944635 0aUpholstery.944636 2ddccBK c14293d14293 00102ddc40718NFICaRUCLbRUCLcReadingd1967-01-19eEuro parkl0o645 MUS 1966r2014-02-05 00:00:00tC-1w2014-02-05yBK